Family and clan in north east india: (Record no. 157627)

MARC details
000 -LEADER
fixed length control field 00787nam a22002177a 4500
005 - DATE AND TIME OF LATEST TRANSACTION
control field 20180922124040.0
010 ## - LCCN (DPL NO)
LC control number ENG-124024
020 ## - INTERNATIONAL STANDARD BOOK NUMBER
Terms of availability 300.00
International Standard Book Number 9788192606224
035 ## - SYSTEM CONTROL NUMBER
System control number EN-107556
037 ## - SOURCE OF ACQUISITION
Source of stock number/acquisition DBAD/PUB
082 ## - DEWEY DECIMAL CLASSIFICATION NUMBER
Classification number 305.8009545
245 ## - TITLE STATEMENT
Title Family and clan in north east india:
Statement of responsibility, etc ed. by Alphonsus D'Souza; Lalnghakthami [and] Pangernungba Kechu
Remainder of title reflections by christian scholars /
260 ## - PUBLICATION, DISTRIBUTION, ETC. (IMPRINT)
Place of publication, distribution, etc Guwahati
Date of publication, distribution, etc 2015
Name of publisher, distributor, etc North Eastern Social Research Centre
270 ## - ADDRESS
City Guwahati
Address Jagriti 2nd Floor, Arunadai Path, GMC Road, Christian Basti
Postal code 781005
300 ## - PHYSICAL DESCRIPTION
Extent xix,292p.
Dimensions 21(pbk.)
500 ## - GENERAL NOTE
General note It includes index
700 ## - ADDED ENTRY--PERSONAL NAME
Personal name D'Souza, Alphonsus
700 ## - ADDED ENTRY--PERSONAL NAME
Personal name Lalnghakthami
700 ## - ADDED ENTRY--PERSONAL NAME
Personal name Kechu, Pangernungba
942 ## - ADDED ENTRY ELEMENTS (KOHA)
Source of classification or shelving scheme Dewey Decimal Classification
Item type English Books
Classification part 305.8009545
Call number suffix FAM
Holdings
Withdrawn status Lost status Not for loan Collection code Home library Current library Date acquired Source of acquisition Cost, normal purchase price Full call number Barcode Copy number Cost, replacement price Koha item type
    Not For Loan Non-fiction D.B.Act.Division Sarojini Nagar 22/09/2018 DBAD/PUB 300.00 305.8009545 FAM EN-107556 1 300.00 English Books

© Delhi Public Library
Hit Counter
free hit counter